01075nab a2200253uuc4500001000800000005001700008008004100025035001200066040001300078041000800091100003800099245015500137260001000292650005600302650004100358650007800399650002000477650003400497700004600531700003700577700005500614700003800669773011400707131936420250124091408.0130312s2002 spa  a1319364 ccomduadb aspa10aGuillen Sadaba, Encarna4auteaut13aLa detección de los casos de abuso sexual infantil desde los servicios generales : principales dificultades y algunas sugerencias para su solución c2002. 7aAbuso sexual de menoresxAspectos jurídicos2lemb aAbuso sexual infantil - Evaluación aAbuso sexual infantil - Casos, historias clínicas, estadísticas, etc. aServicio social 7aAbuso sexual de menores2lemb10aAleman Bracho, Maria del Carmen4auteaut10aArias Astray, Andrés4auteaut10aLucas y Murillo de la Cueva, Fernando de4auteaut10aPérez Madera, Darío4auteaut0 tAlternativas : Cuadernos de Trabajo Social (Alicante)gNo. 10, Oct. 2002, 241-251w1184948x1133-04730544190